000 00414nam a2200181Ia 4500
005 20240823043728.0
008 240823s9999||||xx |||||||||||||| ||und||
041 _aENGLISH
082 _A823.7 K6
100 _aParker W M
245 0 _aSir Walter Scott The Antiquary
250 _a1st
260 _c1966
_bJ M Dent &
500 _aTRANSFERED
650 _aGeneral
_bGeneral
942 _cBK
999 _c210903
_d210903